000 00473nam a2200157 i 4500
001 55843
003 ES-MaACL
007 t|
008 030929s1944 ag ||||1| spa d
100 1 _aDíaz, Carlos A.
_944114
245 1 0 _aOtorrinolaringología /
_cCarlos A. Díaz y S. Jorge Viale.
260 _aBuenos Aires :
_bEl Ateneo,
_c1944 (
_fFerrari Hnos.)
300 _a315 p. :
_bil. ;
_c23 cm.
700 1 _aViale, S. Jorge.
_9114273
852 _aES-MaACL
_jE-1945
_bR.22700
999 _c55843
_d55843